000
00310nam a2200121Ia 4500
008
190216s9999||||xx |||||||||||||| ||und||
100
_a
Harswarup Sharma
245
2
_a
A Text Book Of Vector Algebra And Calculus
260
_b
Student Friends &co
_c
1978
300
_a
180p
650
_a
Mathematics
942
_c
BK
999
_c
30563
_d
30563